| 000 | 00486nam a22001577a 4500 | ||
|---|---|---|---|
| 999 |
_c10489 _d10489 |
||
| 003 | GBCCL | ||
| 005 | 20241126110733.0 | ||
| 008 | 240814b ||||| |||| 00| 0 eng d | ||
| 040 | _cgbc | ||
| 082 |
_aARC GBC-2023 _bTHA |
||
| 100 |
_aThangbiaklun _918263 |
||
| 245 | _aBiblical-Theological evaluation of the Doctrine of exorcism and its implication among the Thadou-Kuki Christians | ||
| 260 |
_aNew Lamka : _bGrace Bible college, _c2023 |
||
| 300 |
_a48p. ; _c28cm |
||
| 942 |
_2ddc _cTH |
||